| 000 | 00700nas a2200229 4500 | ||
|---|---|---|---|
| 001 | BR0808579 | ||
| 003 | BR-BrBNA | ||
| 005 | 20231205112857.0 | ||
| 007 | ta | ||
| 008 | 230509b bl.|||p| |||| 00| 00por d | ||
| 040 |
_aBR-BrBNA _bpor _cBiblioteca Nacional de Agricultura |
||
| 041 | _a(Pt) | ||
| 072 | _aE20 | ||
| 100 | 1 | _aOzaki, V.A. | |
| 245 | 1 | _aEm busca de um paradigma para o seguro rural no Brasil | |
| 650 | _aSEGURO RURAL | ||
| 650 | _aESTATÍSTICA DE PRODUÇÃO | ||
| 650 | _aECONOMIA | ||
| 773 | 0 |
_tRevista de Economia e Sociologia Rural (Brazil) _xISSN 0103-2003 _g(Jan-Mar 2008), v. 46(1) p. 97-119 _wBR0808579 |
|
| 909 |
_a202311 _bLúcia _c55 _dLúcia Elande |
||
| 942 |
_2AGRIS _n0 _cANA |
||
| 999 |
_c200541 _d200541 |
||